000 00773nam a22002417a 4500
008 130619b xxu||||| |||| 00| 0 eng d
020 _a978-0-7637-4111-2
024 _cAvailable
037 _cAvailable
040 _aMBSTU LIBRARY
_dMBSTU LIBRARY
082 _222
_a364.973 CRC
100 _aCronkhite, Clyde L.
245 _aCriminal justice administration : strategies for the 21st century.
260 _aLondon
_bJomes and Bartlett Publishers.
_c2008
300 _a26 cm.
_bxv, 575 page
_f2
_g26 cm.
600 _2Criminal justice , administration.
650 _2Criminal justice , administration.
700 _aCronkhite, Clyde L.
270 _aLondon
_bLondon
_dUK
365 _b5300.00
_d5300.00
942 _2ddc
_cBK
999 _c504
_d504